000 00410nam a22001337a 4500
999 _c7714
_d7714
005 20190312131453.0
008 190312b ||||| |||| 00| 0 eng d
022 _a9789993628705
082 _a315.498 N27t 2018
245 _a2017 population & housing census of Bhutan ;
_bZhemgang Dzongkhag.
260 _aThimphu :
_bNational Statisitcs Bureau.
_c2018.
300 _aviii, 55 p.
_c24 cm
942 _2ddc
_cPERIODICAL